000 00594nam a22001937a 4500
005 20251108171939.0
008 250721s1998 xx 000 0 ara d
082 1 4 _a414.3/ثعا
100 1 _aالثعالبي، أبو منصور عبد الملك ......
245 1 0 _aالكناية و التعريض /
264 1 _aالقاهرة :
_bدار قباء للنشر،
_c1998.
300 _a256ص
650 1 7 _aاللغة العربية
650 1 7 _aالبديع
650 1 7 _aعلم البلاغة
700 1 _aفريد، عائشة
_eتحقيق
942 _2ddc
_cBK
999 _c66634
_d66634